[Event "7th Cesme Open-A 2019"]
[Site "Cesme"]
[Date "2019.06.25"]
[Round "2"]
[White "Aydincelebi, Kagan"]
[Black "Lavrov, Maxim"]
[Result "0-1"]
[WhiteElo "2258"]
[BlackElo "2401"]
[Annotator "TA"]
[PlyCount "82"]
[EventDate "2019.06.24"]
[EventType "swiss"]
[EventCountry "TUR"]
[SourceTitle "playchess.com"]
[Source "ChessBase"]
[SourceQuality "1"]

{[%evp 25,90,30,31,26,47,18,23,0,0,0,4,0,16,0,0,0,0,0,1,0,0,-56,-56,-38,-44,-51,-37,-54,0,-7,0,-7,-7,-30,-30,-30,-30,-30,-30,-450,-450,-450,-450,-450,-450,-450,-450,-450,-450,-450,-450,-450,-450,-450,-450,-450,-450,-864,-608,-608,-546,-546,-546,-546,-546,-793,-720]} 1. e4 e5 2. Nf3 Nc6 3. Bb5 a6 4. Ba4 Nf6 5. O-O Be7 6. Re1 b5 7. Bb3 d6 8. c3 O-O 9. h3 Na5 10. Bc2 c5 11. d4 Qc7 12. Nbd2 cxd4 13. cxd4 Bd7 14. Nf1 {C99: Closed Ruy Lopez: Chigorin Defence: 11 d4 Qc7 12 Nbd2 cxd4} Rfe8 (14... Rac8 15. Re2 Rfe8 16. Ng3 Bd8 17. b3 Nc6 18. Bb2 Qa7 19. d5 Nb4 20. Bb1 a5 21. a3 Na6 22. b4 Qb7 23. Qd2 axb4 24. axb4 {1-0 (39) Hou,Y (2649)-Short,N (2670) Hoogeveen 2016}) 15. Bg5 h6 16. Bxf6 $146 {White has an edge.} ({Predecessor:} 16. Bh4 Rac8 17. Rc1 Nc6 18. Bb3 Qa7 19. dxe5 dxe5 20. Ne3 Nd4 21. Rxc8 Rxc8 22. Nf5 {½-½ (22) Gelves,S (2065)-Torres,S Bucaramanga 2008}) 16... Bxf6 17. Ne3 Qd8 18. Nd5 Nc6 19. Nxf6+ Qxf6 20. dxe5 Nxe5 21. Nxe5 Rxe5 22. Bb3 Rae8 23. Bd5 (23. Qd3 $11) 23... Be6 $15 {aiming for ...Bxd5.} 24. Qd2 Bxd5 25. exd5 Qg5 26. Rxe5 Qxd2 (26... Rxe5 $15 27. Rd1 Qxd2 28. Rxd2 g5) 27. Rxe8+ {[%mdl 4096] Endgame KQ-KRR} Kh7 28. Rb1 Qxd5 29. a3 Qa2 30. Rd1 Qxb2 31. Re3 a5 32. Rxd6 $2 {[%mdl 8192] [#]} (32. g3 $11 {and White has nothing to worry.}) 32... Qc1+ $1 $19 {Black is clearly winning.} 33. Kh2 Qc7 34. Red3 b4 35. axb4 axb4 36. g3 {[#]} b3 $1 {[%mdl 512]} 37. Rd7 (37. Rxb3 Qxd6) 37... Qb6 38. Rxf7 b2 39. Rd1 b1=Q 40. Rxb1 Qxb1 {KQ-KR} 41. g4 (41. Kg2 $142) 41... Qb3 {Played: Qb1-f1} 0-1

[Event "7th Cesme Open-A 2019"]
[Site "Cesme"]
[Date "2019.06.25"]
[Round "2"]
[White "Ozates, Tuna"]
[Black "Koksal, Ege"]
[Result "0-1"]
[WhiteElo "2214"]
[BlackElo "2363"]
[Annotator "ChessBase"]
[PlyCount "112"]
[EventDate "2019.06.24"]
[EventType "swiss"]
[EventCountry "TUR"]
[SourceTitle "playchess.com"]
[Source "ChessBase"]
[SourceQuality "1"]
[TimeControl "5400+30"]

1. c4 {[%emt 0:03:30]} c6 {[%emt 0:11:30]} 2. Nf3 {[%emt 0:00:30]} d5 {[%emt 0:00:00]} 3. e3 {[%emt 0:00:00]} Nf6 {[%emt 0:00:00]} 4. Qc2 {[%emt 0:00:00]} g6 {[%emt 0:02:30]} 5. b3 {[%emt 0:01:30]} Bg7 {[%emt 0:00:30]} 6. Bb2 {[%emt 0:00:00]} O-O {[%emt 0:00:00]} 7. Be2 {[%emt 0:00:00]} Bf5 {[%emt 0:01:00]} 8. d3 {[%emt 0:01:30]} Na6 {[%emt 0:00:30]} 9. a3 {[%emt 0:04:30]} dxc4 {[%emt 0:05:30]} 10. bxc4 {[%emt 0:00:30]} Nc5 {[%emt 0:00:30]} 11. e4 {[%emt 0:00:30]} Bg4 {[%emt 0:02:30]} 12. Nbd2 {[%emt 0:00:30]} Ne6 {[%emt 0:04:30]} 13. h3 {[%emt 0:03:30]} Bxf3 {[%emt 0:01:30]} 14. Nxf3 {[%emt 0:00:30]} c5 {[%emt 0:01:30]} 15. O-O {[%emt 0:03:30]} Nh5 {[%emt 0:01:30]} 16. g3 {[%emt 0:03:30]} Bxb2 {[%emt 0:02:30]} 17. Qxb2 {[%emt 0:00:00]} Qc7 {[%emt 0:00:30]} 18. Kg2 {[%emt 0:23:00]} Rfd8 {[%emt 0:02:30]} 19. Qd2 {[%emt 0:00:30]} Nf6 {[%emt 0:04:30]} 20. Qh6 {[%emt 0:02:30]} Nd4 {[%emt 0:00:30]} 21. Nxd4 {[%emt 0:00:30]} Rxd4 {[%emt 0:00:00]} 22. h4 {[%emt 0:00:00]} Qe5 {[%emt 0:04:00]} 23. Rab1 {[%emt 0:03:00]} b6 {[%emt 0:03:30]} 24. Rh1 {[%emt 0:00:30]} Nd7 {[%emt 0:07:30]} 25. h5 {[%emt 0:01:30]} g5 {[%emt 0:00:30]} 26. f4 {[%emt 0:00:30]} gxf4 {[%emt 0:01:30]} 27. gxf4 {[%emt 0:00:30]} Rd6 {[%emt 0:04:30]} 28. fxe5 {[%emt 0:19:30]} Rxh6 {[%emt 0:00:30]} 29. e6 {[%emt 0:00:00]} Rxe6 {[%emt 0:02:30]} 30. Bg4 {[%emt 0:00:00]} Rd6 {[%emt 0:00:30]} 31. Bxd7 {[%emt 0:00:30]} Rxd7 {[%emt 0:00:00]} 32. Rh3 {[%emt 0:00:00]} Rad8 {[%emt 0:00:00]} 33. Rb3 {[%emt 0:00:00]} f6 {[%emt 0:02:30]} 34. Kf2 {[%emt 0:02:30]} Kg7 {[%emt 0:00:30]} 35. Ke2 {[%emt 0:01:30]} Rg8 {[%emt 0:00:30]} 36. h6+ {[%emt 0:06:30]} Kf7 {[%emt 0:00:30]} 37. a4 {[%emt 0:01:30]} Rg2+ {[%emt 0:01:30]} 38. Kf3 {[%emt 0:00:55]} Rg5 {[%emt 0:00:30]} 39. Kf4 {[%emt 0:04:39]} Kg6 {[%emt 0:02:30]} 40. Rb1 {[%emt 0:02:13]} Rd6 {[%emt 0:03:30]} 41. a5 {[%emt 0:03:11]} Rh5 {[%emt 0:05:30]} 42. Rg1+ {[%emt 0:03:01]} Rg5 {[%emt 0:02:30]} 43. Ra1 {[%emt 0:00:29]} Rh5 {[%emt 0:13:57]} 44. Rg1+ {[%emt 0:00:30]} Kxh6 {[%emt 0:00:00]} 45. Rxh5+ {[%emt 0:00:00]} Kxh5 {[%emt 0:00:12]} 46. Rg7 {[%emt 0:00:39]} Rd7 {[%emt 0:01:46]} 47. Rxh7+ {[%emt 0:00:30]} Kg6 {[%emt 0:00:30]} 48. Rh3 {[%emt 0:02:09]} bxa5 {[%emt 0:00:30]} 49. Ke3 {[%emt 0:00:00]} Rd6 {[%emt 0:00:43]} 50. Rg3+ {[%emt 0:03:27]} Kf7 {[%emt 0:00:13]} 51. Rg1 {[%emt 0:00:13]} Ke6 {[%emt 0:01:34]} 52. Ra1 {[%emt 0:03:04]} Ra6 {[%emt 0:00:03]} 53. d4 {[%emt 0:00:08]} a4 {[%emt 0:00:24]} 54. dxc5 {[%emt 0:00:36]} Kd7 {[%emt 0:00:20]} 55. Kd4 {[%emt 0:02:36]} Kc6 {[%emt 0:00:35]} 56. Kc3 {[%emt 0:00:30]} Kxc5 {[%emt 0:00:30]} 0-1

[Event "7th Cesme Open-A 2019"]
[Site "Cesme"]
[Date "2019.06.25"]
[Round "2"]
[White "Can, Melih Kaan"]
[Black "Bashirli, Nail"]
[Result "1/2-1/2"]
[WhiteElo "2204"]
[BlackElo "2367"]
[Annotator "ChessBase"]
[PlyCount "101"]
[EventDate "2019.06.24"]
[EventType "swiss"]
[EventCountry "TUR"]
[SourceTitle "playchess.com"]
[Source "ChessBase"]
[SourceQuality "1"]
[TimeControl "5400+30"]

1. d4 {[%emt 0:09:30]} Nf6 {[%emt 0:00:30]} 2. Bf4 {[%emt 0:00:30]} d5 {[%emt 0:00:00]} 3. e3 {[%emt 0:00:30]} c5 {[%emt 0:00:00]} 4. c3 {[%emt 0:01:30]} e6 {[%emt 0:00:30]} 5. Nd2 {[%emt 0:00:00]} Bd6 {[%emt 0:00:30]} 6. Bxd6 {[%emt 0:00:00]} Qxd6 {[%emt 0:00:00]} 7. f4 {[%emt 0:00:30]} O-O {[%emt 0:00:00]} 8. Bd3 {[%emt 0:00:30]} Nc6 {[%emt 0:00:30]} 9. Ngf3 {[%emt 0:01:30]} c4 {[%emt 0:00:30]} 10. Bc2 {[%emt 0:01:30]} b5 {[%emt 0:00:30]} 11. a3 {[%emt 0:04:30]} a5 {[%emt 0:00:30]} 12. Ne5 {[%emt 0:01:30]} Ne7 {[%emt 0:00:30]} 13. O-O {[%emt 0:01:30]} Bb7 {[%emt 0:00:30]} 14. Qf3 {[%emt 0:01:30]} g6 {[%emt 0:05:30]} 15. g4 {[%emt 0:02:30]} Nd7 {[%emt 0:13:30]} 16. Qh3 {[%emt 0:16:30]} f6 {[%emt 0:03:30]} 17. Nxd7 {[%emt 0:00:30]} Qxd7 {[%emt 0:00:00]} 18. Nf3 {[%emt 0:00:30]} Ra7 {[%emt 0:13:00]} 19. g5 {[%emt 0:02:30]} fxg5 {[%emt 0:00:30]} 20. Ne5 {[%emt 0:03:30]} Qd6 {[%emt 0:03:30]} 21. fxg5 {[%emt 0:00:30]} Nf5 {[%emt 0:04:30]} 22. Bxf5 {[%emt 0:07:30]} exf5 {[%emt 0:01:30]} 23. Qg3 {[%emt 0:01:30]} Bc8 {[%emt 0:00:30]} 24. Qf4 {[%emt 0:00:30]} Re7 {[%emt 0:03:30]} 25. h4 {[%emt 0:03:30]} Re6 {[%emt 0:05:30]} 26. Kf2 {[%emt 0:00:30]} Bd7 {[%emt 0:02:30]} 27. Kg3 {[%emt 0:05:30]} Rfe8 {[%emt 0:08:30]} 28. h5 {[%emt 0:03:30]} Rxe5 {[%emt 0:04:30]} 29. dxe5 {[%emt 0:00:30]} Rxe5 {[%emt 0:00:30]} 30. hxg6 {[%emt 0:14:10]} Rxe3+ {[%emt 0:05:30]} 31. Rf3 {[%emt 0:00:06]} Qxf4+ {[%emt 0:00:00]} 32. Kxf4 {[%emt 0:00:06]} Re4+ {[%emt 0:00:00]} 33. Kg3 {[%emt 0:00:02]} hxg6 {[%emt 0:00:30]} 34. Kf2 {[%emt 0:06:25]} d4 {[%emt 0:03:30]} 35. cxd4 {[%emt 0:00:25]} f4 {[%emt 0:04:00]} 36. Rc3 {[%emt 0:05:14]} Rxd4 {[%emt 0:00:36]} 37. Re1 {[%emt 0:00:45]} Bg4 {[%emt 0:01:01]} 38. Rc2 {[%emt 0:00:42]} b4 {[%emt 0:02:58]} 39. axb4 {[%emt 0:00:56]} axb4 {[%emt 0:01:31]} 40. Re7 {[%emt 0:00:31]} b3 {[%emt 0:03:15]} 41. Rc1 {[%emt 0:00:22]} Rd2+ {[%emt 0:06:06]} 42. Ke1 {[%emt 0:00:05]} Rxb2 {[%emt 0:00:19]} 43. Rxc4 {[%emt 0:00:00]} Rb1+ {[%emt 0:00:08]} 44. Kf2 {[%emt 0:01:07]} Rb2+ {[%emt 0:03:15]} 45. Ke1 {[%emt 0:01:23]} Rb1+ {[%emt 0:03:24]} 46. Kf2 {[%emt 0:00:02]} Kf8 {[%emt 0:00:35]} 47. Rb7 {[%emt 0:02:12]} Rb2+ {[%emt 0:00:10]} 48. Ke1 {[%emt 0:00:50]} Rb1+ {[%emt 0:00:21]} 49. Kf2 {[%emt 0:01:25]} Rb2+ {[%emt 0:01:23]} 50. Ke1 {[%emt 0:00:02]} Rb1+ {[%emt 0:00:15]} 51. Kf2 {[%emt 0:02:32]} 1/2-1/2

[Event "7th Cesme Open-A 2019"]
[Site "Cesme"]
[Date "2019.06.25"]
[Round "2"]
[White "Mohannad, Farhan"]
[Black "Kamer, Kayra"]
[Result "1/2-1/2"]
[WhiteElo "2193"]
[BlackElo "2353"]
[Annotator "ChessBase"]
[PlyCount "241"]
[EventDate "2019.06.24"]
[EventType "swiss"]
[EventCountry "TUR"]
[SourceTitle "playchess.com"]
[Source "ChessBase"]
[SourceQuality "1"]
[TimeControl "5400+30"]

1. d4 {[%emt 0:00:30]} Nf6 {[%emt 0:00:30]} 2. c4 {[%emt 0:00:00]} g6 {[%emt 0:00:30]} 3. Nc3 {[%emt 0:00:00]} Bg7 {[%emt 0:00:00]} 4. e4 {[%emt 0:00:30]} d6 {[%emt 0:00:00]} 5. Nf3 {[%emt 0:00:00]} O-O {[%emt 0:00:30]} 6. Be2 {[%emt 0:00:00]} e5 {[%emt 0:00:30]} 7. d5 {[%emt 0:00:00]} a5 {[%emt 0:00:30]} 8. O-O {[%emt 0:00:00]} Na6 {[%emt 0:00:30]} 9. Bg5 {[%emt 0:00:30]} h6 {[%emt 0:00:30]} 10. Bh4 {[%emt 0:00:00]} Qe8 {[%emt 0:00:30]} 11. Nd2 {[%emt 0:00:00]} Bd7 {[%emt 0:02:30]} 12. b3 {[%emt 0:00:30]} Nh7 {[%emt 0:00:30]} 13. a3 {[%emt 0:00:30]} h5 {[%emt 0:01:30]} 14. f3 {[%emt 0:00:30]} Bh6 {[%emt 0:03:30]} 15. Rb1 {[%emt 0:00:30]} f5 {[%emt 0:01:30]} 16. exf5 {[%emt 0:02:30]} gxf5 {[%emt 0:00:30]} 17. b4 {[%emt 0:10:30]} axb4 {[%emt 0:00:30]} 18. axb4 {[%emt 0:00:00]} Qg6 {[%emt 0:00:30]} 19. Kh1 {[%emt 0:05:00]} Kh8 {[%emt 0:01:30]} 20. Bf2 {[%emt 0:00:00]} Rg8 {[%emt 0:02:30]} 21. Rg1 {[%emt 0:00:00]} Nf6 {[%emt 0:00:30]} 22. c5 {[%emt 0:02:30]} h4 {[%emt 0:00:30]} 23. c6 {[%emt 0:01:30]} bxc6 {[%emt 0:00:30]} 24. dxc6 {[%emt 0:00:00]} Be6 {[%emt 0:00:30]} 25. Nf1 {[%emt 0:08:00]} Nh5 {[%emt 0:03:30]} 26. Bxh4 {[%emt 0:01:30]} Nf4 {[%emt 0:00:30]} 27. Bg3 {[%emt 0:00:00]} Nxe2 {[%emt 0:01:30]} 28. Qxe2 {[%emt 0:01:00]} Qf7 {[%emt 0:02:30]} 29. Bf2 {[%emt 0:05:30]} Bc4 {[%emt 0:00:30]} 30. Qd1 {[%emt 0:02:30]} Rad8 {[%emt 0:06:30]} 31. Qe1 {[%emt 0:12:30]} Bd3 {[%emt 0:01:30]} 32. Rb2 {[%emt 0:00:30]} Qc4 {[%emt 0:02:30]} 33. b5 {[%emt 0:14:30]} Nc5 {[%emt 0:00:30]} 34. Ne3 {[%emt 0:00:30]} Qf7 {[%emt 0:03:30]} 35. Ned5 {[%emt 0:00:30]} Na4 {[%emt 0:05:30]} 36. Rb4 {[%emt 0:05:30]} Nxc3 {[%emt 0:00:30]} 37. Nxc3 {[%emt 0:00:00]} Rg7 {[%emt 0:02:30]} 38. Rh4 {[%emt 0:03:00]} Rh7 {[%emt 0:00:30]} 39. b6 {[%emt 0:05:30]} cxb6 {[%emt 0:00:00]} 40. Bxb6 {[%emt 0:00:00]} Rg8 {[%emt 0:02:00]} 41. c7 {[%emt 0:03:00]} Qb3 {[%emt 0:02:30]} 42. Ba7 {[%emt 0:00:30]} Qe6 {[%emt 0:03:30]} 43. Bb8 {[%emt 0:05:54]} Ba6 {[%emt 0:00:30]} 44. Rh5 {[%emt 0:02:12]} Bb7 {[%emt 0:07:30]} 45. Qb1 {[%emt 0:04:10]} Bc8 {[%emt 0:02:30]} 46. Qd3 {[%emt 0:02:02]} Qg6 {[%emt 0:00:30]} 47. Rh3 {[%emt 0:00:39]} Bb7 {[%emt 0:09:30]} 48. Ne2 {[%emt 0:02:14]} e4 {[%emt 0:02:30]} 49. Qb3 {[%emt 0:00:45]} Bc8 {[%emt 0:12:02]} 50. Rg3 {[%emt 0:00:54]} Qf7 {[%emt 0:01:21]} 51. Qxf7 {[%emt 0:01:32]} Rxf7 {[%emt 0:00:05]} 52. Rh3 {[%emt 0:01:17]} Kg7 {[%emt 0:01:28]} 53. Rd1 {[%emt 0:00:25]} f4 {[%emt 0:03:04]} 54. fxe4 {[%emt 0:01:29]} Bxh3 {[%emt 0:01:22]} 55. gxh3 {[%emt 0:00:03]} Kh7 {[%emt 0:01:12]} 56. Rg1 {[%emt 0:03:21]} f3 {[%emt 0:00:27]} 57. Ng3 {[%emt 0:00:45]} Bd2 {[%emt 0:02:18]} 58. Rf1 {[%emt 0:00:16]} Ba5 {[%emt 0:00:47]} 59. Rc1 {[%emt 0:00:42]} Rc8 {[%emt 0:01:43]} 60. Kg1 {[%emt 0:00:40]} Bxc7 {[%emt 0:03:18]} 61. Bxc7 {[%emt 0:00:09]} Rcxc7 {[%emt 0:00:34]} 62. Rxc7 {[%emt 0:00:30]} Rxc7 {[%emt 0:00:30]} 63. Kf2 {[%emt 0:00:00]} Kg6 {[%emt 0:02:51]} 64. Kxf3 {[%emt 0:00:00]} Kf6 {[%emt 0:00:34]} 65. Kf4 {[%emt 0:00:16]} Rc4 {[%emt 0:00:38]} 66. Ke3 {[%emt 0:00:47]} Ke5 {[%emt 0:00:12]} 67. Kf3 {[%emt 0:00:23]} Rc3+ {[%emt 0:00:45]} 68. Kg4 {[%emt 0:00:39]} Rc2 {[%emt 0:00:36]} 69. h4 {[%emt 0:00:30]} Rxh2 {[%emt 0:00:30]} 70. h5 {[%emt 0:00:00]} Kf6 {[%emt 0:00:51]} 71. Kf4 {[%emt 0:00:02]} Rh4+ {[%emt 0:00:12]} 72. Kf3 {[%emt 0:00:10]} Ke5 {[%emt 0:00:26]} 73. Ke3 {[%emt 0:00:19]} Rg4 {[%emt 0:01:10]} 74. Kf3 {[%emt 0:00:07]} Rg8 {[%emt 0:00:00]} 75. Ne2 {[%emt 0:00:26]} Rf8+ {[%emt 0:00:51]} 76. Ke3 {[%emt 0:00:11]} Ra8 {[%emt 0:00:00]} 77. Nf4 {[%emt 0:01:27]} Ra4 {[%emt 0:01:29]} 78. Nd3+ {[%emt 0:00:08]} Kf6 {[%emt 0:00:00]} 79. Nb2 {[%emt 0:01:23]} Ra2 {[%emt 0:02:09]} 80. Nc4 {[%emt 0:00:21]} Ke6 {[%emt 0:00:16]} 81. Kf4 {[%emt 0:00:14]} Rc2 {[%emt 0:01:06]} 82. Ne3 {[%emt 0:00:39]} Rh2 {[%emt 0:00:08]} 83. Kg5 {[%emt 0:00:00]} Re2 {[%emt 0:00:34]} 84. Kf4 {[%emt 0:00:03]} Rf2+ {[%emt 0:00:41]} 85. Kg5 {[%emt 0:00:07]} Re2 {[%emt 0:00:52]} 86. Kf4 {[%emt 0:00:30]} Rh2 {[%emt 0:00:00]} 87. Kg5 {[%emt 0:00:00]} Rh1 {[%emt 0:00:24]} 88. h6 {[%emt 0:00:39]} Rh3 {[%emt 0:01:04]} 89. Ng4 {[%emt 0:00:53]} Rh1 {[%emt 0:00:18]} 90. Kg6 {[%emt 0:00:03]} Rg1 {[%emt 0:00:28]} 91. Kg5 {[%emt 0:00:24]} Kf7 {[%emt 0:00:09]} 92. Kf5 {[%emt 0:00:43]} Rf1+ {[%emt 0:00:30]} 93. Kg5 {[%emt 0:00:00]} Ra1 {[%emt 0:00:00]} 94. Ne3 {[%emt 0:00:21]} Rg1+ {[%emt 0:00:39]} 95. Ng4 {[%emt 0:00:16]} Re1 {[%emt 0:00:57]} 96. Kf5 {[%emt 0:00:17]} Rb1 {[%emt 0:00:18]} 97. Ne3 {[%emt 0:01:06]} Rb5+ {[%emt 0:00:43]} 98. Nd5 {[%emt 0:00:12]} Rb3 {[%emt 0:00:18]} 99. Nf4 {[%emt 0:01:13]} Rf3 {[%emt 0:00:40]} 100. Kg5 {[%emt 0:00:12]} Rg3+ {[%emt 0:00:54]} 101. Kf5 {[%emt 0:00:05]} Rg8 {[%emt 0:00:49]} 102. e5 {[%emt 0:00:55]} dxe5 {[%emt 0:00:32]} 103. Kxe5 {[%emt 0:00:30]} Rh8 {[%emt 0:00:00]} 104. Kf5 {[%emt 0:00:15]} Rxh6 {[%emt 0:00:00]} 105. Kg5 {[%emt 0:00:17]} Rf6 {[%emt 0:00:00]} 106. Nh5 {[%emt 0:00:15]} Ra6 {[%emt 0:00:00]} 107. Kf5 {[%emt 0:00:17]} Ra5+ {[%emt 0:00:19]} 108. Kg4 {[%emt 0:00:00]} Rb5 {[%emt 0:00:02]} 109. Nf4 {[%emt 0:00:18]} Kf6 {[%emt 0:00:00]} 110. Nh5+ {[%emt 0:00:16]} Ke5 {[%emt 0:00:00]} 111. Kg5 {[%emt 0:00:03]} Ra5 {[%emt 0:00:02]} 112. Kg4 {[%emt 0:00:28]} Ra8 {[%emt 0:00:48]} 113. Kf3 {[%emt 0:00:19]} Ra3+ {[%emt 0:00:22]} 114. Kg4 {[%emt 0:00:30]} Ra4+ {[%emt 0:00:00]} 115. Kg5 {[%emt 0:00:11]} Rb4 {[%emt 0:00:00]} 116. Nf6 {[%emt 0:00:23]} Ke6 {[%emt 0:00:15]} 117. Ng4 {[%emt 0:00:47]} Re4 {[%emt 0:00:09]} 118. Nf2 {[%emt 0:00:00]} Re1 {[%emt 0:00:53]} 119. Kf4 {[%emt 0:00:42]} Rf1 {[%emt 0:00:30]} 120. Ke3 {[%emt 0:00:30]} Rxf2 {[%emt 0:00:00]} 121. Ke4 {[%emt 0:00:00]} 1/2-1/2

[Event "7th Cesme Open-A 2019"]
[Site "Cesme"]
[Date "2019.06.25"]
[Round "2"]
[White "Tepe, Efe Can"]
[Black "Eminov, Orkhan"]
[Result "0-1"]
[WhiteElo "2150"]
[BlackElo "2314"]
[Annotator "ChessBase"]
[PlyCount "78"]
[EventDate "2019.06.24"]
[EventType "swiss"]
[EventCountry "TUR"]
[SourceTitle "playchess.com"]
[Source "ChessBase"]
[SourceQuality "1"]
[TimeControl "5400+30"]

1. e4 {[%emt 0:00:30]} c5 {[%emt 0:04:30]} 2. Nf3 {[%emt 0:00:00]} g6 {[%emt 0:00:30]} 3. d4 {[%emt 0:01:00]} cxd4 {[%emt 0:01:30]} 4. Qxd4 {[%emt 0:00:30]} Nf6 {[%emt 0:00:30]} 5. Nc3 {[%emt 0:01:30]} Nc6 {[%emt 0:02:30]} 6. Qa4 {[%emt 0:00:30]} d6 {[%emt 0:03:30]} 7. e5 {[%emt 0:00:00]} dxe5 {[%emt 0:05:30]} 8. Nxe5 {[%emt 0:01:00]} Bd7 {[%emt 0:00:30]} 9. Nxd7 {[%emt 0:00:00]} Qxd7 {[%emt 0:01:30]} 10. Bf4 {[%emt 0:16:00]} Bg7 {[%emt 0:05:30]} 11. Rd1 {[%emt 0:01:30]} Qe6+ {[%emt 0:03:30]} 12. Be2 {[%emt 0:01:30]} O-O {[%emt 0:01:30]} 13. O-O {[%emt 0:00:30]} a6 {[%emt 0:01:30]} 14. Bf3 {[%emt 0:09:30]} Qf5 {[%emt 0:24:30]} 15. Bg3 {[%emt 0:26:30]} b5 {[%emt 0:09:30]} 16. Qb3 {[%emt 0:01:30]} Rac8 {[%emt 0:04:30]} 17. Rfe1 {[%emt 0:36:30]} e6 {[%emt 0:12:15]} 18. a4 {[%emt 0:00:00]} b4 {[%emt 0:03:17]} 19. Ne4 {[%emt 0:00:00]} Nxe4 {[%emt 0:03:23]} 20. Bxe4 {[%emt 0:00:00]} Qf6 {[%emt 0:03:14]} 21. Qd3 {[%emt 0:00:00]} Qxb2 {[%emt 0:02:40]} 22. Qxa6 {[%emt 0:00:00]} Nd4 {[%emt 0:00:04]} 23. Rb1 {[%emt 0:00:00]} Qa2 {[%emt 0:00:54]} 24. Rxb4 {[%emt 0:00:00]} Nxc2 {[%emt 0:00:54]} 25. Bxc2 {[%emt 0:02:19]} Qxc2 {[%emt 0:00:40]} 26. Rf4 {[%emt 0:01:34]} Bc3 {[%emt 0:01:49]} 27. Rf1 {[%emt 0:00:25]} Bg7 {[%emt 0:01:26]} 28. Rb4 {[%emt 0:00:31]} Rfd8 {[%emt 0:00:22]} 29. h3 {[%emt 0:00:38]} Bf8 {[%emt 0:01:13]} 30. Rb7 {[%emt 0:00:20]} Rd1 {[%emt 0:00:00]} 31. Rxd1 {[%emt 0:00:41]} Qxd1+ {[%emt 0:00:29]} 32. Kh2 {[%emt 0:00:11]} Rc1 {[%emt 0:00:00]} 33. Bf4 {[%emt 0:00:14]} Qg1+ {[%emt 0:00:43]} 34. Kg3 {[%emt 0:00:17]} Rc3+ {[%emt 0:00:39]} 35. Be3 {[%emt 0:01:19]} Bh6 {[%emt 0:01:40]} 36. Rb8+ {[%emt 0:00:37]} Kg7 {[%emt 0:00:06]} 37. Qb7 {[%emt 0:00:22]} Rxe3+ {[%emt 0:00:37]} 38. fxe3 {[%emt 0:00:48]} Qxe3+ {[%emt 0:00:05]} 39. Qf3 {[%emt 0:00:40]} Bf4+ {[%emt 0:00:43]} 0-1

[Event "7th Cesme Open-A 2019"]
[Site "Cesme"]
[Date "2019.06.25"]
[Round "3"]
[White "Bernadskiy, Vitaliy"]
[Black "Mohannad, Farhan"]
[Result "1-0"]
[WhiteElo "2578"]
[BlackElo "2193"]
[Annotator "ChessBase"]
[PlyCount "63"]
[EventDate "2019.06.24"]
[EventType "swiss"]
[EventCountry "TUR"]
[SourceTitle "playchess.com"]
[Source "ChessBase"]
[SourceQuality "1"]
[TimeControl "5400+30"]

1. c4 {[%emt 0:00:30]} Nf6 {[%emt 0:00:30]} 2. Nc3 {[%emt 0:00:30]} g6 {[%emt 0:00:30]} 3. e4 {[%emt 0:00:30]} d6 {[%emt 0:00:30]} 4. d4 {[%emt 0:00:30]} Bg7 {[%emt 0:00:30]} 5. h3 {[%emt 0:00:30]} O-O {[%emt 0:00:00]} 6. Be3 {[%emt 0:00:00]} c5 {[%emt 0:03:00]} 7. Nf3 {[%emt 0:00:00]} Nc6 {[%emt 0:01:30]} 8. d5 {[%emt 0:03:30]} Na5 {[%emt 0:00:30]} 9. Be2 {[%emt 0:02:30]} a6 {[%emt 0:02:30]} 10. a4 {[%emt 0:01:30]} e6 {[%emt 0:03:30]} 11. O-O {[%emt 0:00:30]} exd5 {[%emt 0:00:00]} 12. cxd5 {[%emt 0:00:00]} Re8 {[%emt 0:00:00]} 13. Nd2 {[%emt 0:04:00]} Bd7 {[%emt 0:01:30]} 14. Bf4 {[%emt 0:02:30]} b5 {[%emt 0:09:30]} 15. axb5 {[%emt 0:05:30]} axb5 {[%emt 0:00:30]} 16. Bxb5 {[%emt 0:18:30]} Bxb5 {[%emt 0:01:30]} 17. Nxb5 {[%emt 0:00:30]} Nxe4 {[%emt 0:00:00]} 18. Nxe4 {[%emt 0:05:30]} Rxe4 {[%emt 0:01:00]} 19. Bxd6 {[%emt 0:06:30]} Qb6 {[%emt 0:00:30]} 20. Qc2 {[%emt 0:03:30]} Rae8 {[%emt 0:18:30]} 21. Nc7 {[%emt 0:03:30]} Rc4 {[%emt 0:03:30]} 22. Qd2 {[%emt 0:01:30]} Rc8 {[%emt 0:05:30]} 23. Bg3 {[%emt 0:04:30]} Nb3 {[%emt 0:19:30]} 24. Qe2 {[%emt 0:00:30]} Rd4 {[%emt 0:00:00]} 25. Ra8 {[%emt 0:05:30]} Rxa8 {[%emt 0:03:00]} 26. Nxa8 {[%emt 0:00:00]} Qd8 {[%emt 0:00:30]} 27. Nc7 {[%emt 0:00:00]} Rd2 {[%emt 0:10:03]} 28. Qc4 {[%emt 0:01:30]} Nd4 {[%emt 0:01:44]} 29. Re1 {[%emt 0:00:30]} Bf8 {[%emt 0:02:52]} 30. Re8 {[%emt 0:02:30]} Qd7 {[%emt 0:00:09]} 31. Qa6 {[%emt 0:04:30]} Nf5 {[%emt 0:08:06]} 32. Be5 {[%emt 0:01:30]} 1-0

[Event "7th Cesme Open-A 2019"]
[Site "Cesme"]
[Date "2019.06.25"]
[Round "3"]
[White "Quparadze, Giga"]
[Black "Kucuksari, Kaan"]
[Result "1-0"]
[WhiteElo "2498"]
[BlackElo "2299"]
[Annotator "ChessBase"]
[PlyCount "71"]
[EventDate "2019.06.24"]
[EventType "swiss"]
[EventCountry "TUR"]
[SourceTitle "playchess.com"]
[Source "ChessBase"]
[SourceQuality "1"]
[TimeControl "5400+30"]

1. e4 {[%emt 0:00:30]} c6 {[%emt 0:00:30]} 2. d4 {[%emt 0:00:30]} d5 {[%emt 0:00:30]} 3. e5 {[%emt 0:00:30]} c5 {[%emt 0:00:00]} 4. dxc5 {[%emt 0:00:00]} Nc6 {[%emt 0:00:00]} 5. f4 {[%emt 0:00:00]} e6 {[%emt 0:00:00]} 6. Be3 {[%emt 0:00:00]} d4 {[%emt 0:00:00]} 7. Bf2 {[%emt 0:00:00]} Bxc5 {[%emt 0:00:00]} 8. Nd2 {[%emt 0:00:00]} Nge7 {[%emt 0:00:00]} 9. a3 {[%emt 0:03:00]} Nd5 {[%emt 0:03:30]} 10. Ne4 {[%emt 0:01:30]} Be7 {[%emt 0:04:30]} 11. Qf3 {[%emt 0:01:30]} O-O {[%emt 0:09:30]} 12. O-O-O {[%emt 0:02:30]} f5 {[%emt 0:00:00]} 13. exf6 {[%emt 0:00:30]} Bxf6 {[%emt 0:00:00]} 14. Nh3 {[%emt 0:03:30]} g6 {[%emt 0:08:30]} 15. Nxf6+ {[%emt 0:02:30]} Qxf6 {[%emt 0:01:30]} 16. g3 {[%emt 0:00:30]} Bd7 {[%emt 0:01:30]} 17. Bg2 {[%emt 0:00:30]} Rac8 {[%emt 0:10:30]} 18. Rhe1 {[%emt 0:00:30]} Qf5 {[%emt 0:04:30]} 19. Qd3 {[%emt 0:00:30]} Na5 {[%emt 0:05:30]} 20. Qxf5 {[%emt 0:00:30]} Rxf5 {[%emt 0:01:30]} 21. Ng5 {[%emt 0:00:30]} Ba4 {[%emt 0:01:30]} 22. Be4 {[%emt 0:00:30]} Nf6 {[%emt 0:03:30]} 23. Bd3 {[%emt 0:01:30]} e5 {[%emt 0:12:30]} 24. Kb1 {[%emt 0:01:30]} h6 {[%emt 0:03:30]} 25. Ne4 {[%emt 0:00:30]} Nxe4 {[%emt 0:00:30]} 26. Rxe4 {[%emt 0:00:30]} Bc6 {[%emt 0:10:04]} 27. Rxe5 {[%emt 0:00:30]} Rxe5 {[%emt 0:00:30]} 28. fxe5 {[%emt 0:00:00]} Bf3 {[%emt 0:00:02]} 29. Re1 {[%emt 0:00:00]} Nc6 {[%emt 0:00:24]} 30. Bxg6 {[%emt 0:00:30]} Kg7 {[%emt 0:00:00]} 31. Bf5 {[%emt 0:00:30]} Re8 {[%emt 0:00:00]} 32. Bd7 {[%emt 0:00:00]} Re7 {[%emt 0:01:30]} 33. Bxc6 {[%emt 0:00:00]} bxc6 {[%emt 0:01:00]} 34. Bxd4 {[%emt 0:00:00]} Bg4 {[%emt 0:00:49]} 35. e6+ {[%emt 0:00:00]} Kg6 {[%emt 0:00:14]} 36. Bc5 {[%emt 0:00:00]} 1-0